000 00806nam a2200253Ia 4500
003 OSt
005 20220925195217.0
006 a|||||r|||| 00| 0
007 ta
008 220923b |||||||| |||| 00| 0 eng d
020 _a9781847200327
_c5519.5100000000002
037 _bBBB/203, 11/12/2007, Better Book Service
_cGeneral Book
040 _aRTL
_cRTL
_beng
041 _2eng
_aeng
082 _aX:9:(G:55), P7
100 _aJohnstone Nick
_9253795
245 0 _aEnvironmental policy and corporate behaviour
260 _aCheltenham
_bEdward Elgar
_c2007
300 _aix, 278p
_ccm.
500 _aBibliography Chapterwise
650 _aCommerce
942 _hX:9:(G:55), P7
_cGB
_2CC
999 _c532217
_d532217